000 00262nam a2200109Ia 4500
008 220216s9999 xx 000 0 und d
245 0 _aProgress in SP rubbers in 1962
260 _bPlanters Bulletin
_c1963
300 _a59-63
650 _aSP rubber
942 _cJS
999 _c65902
_d65902